[Event "Kaiserbrunnen Winter op"]
[Site "Brakel"]
[Date "2013.01.21"]
[Round "2"]
[White "Cremerius, Armin"]
[Black "Arndt, Theodor"]
[Result "1-0"]
[WhiteElo "1824"]
[BlackElo "1610"]
[PlyCount "59"]
[EventDate "2013.01.21"]
[EventType "swiss"]
[EventRounds "5"]
[EventCountry "GER"]
[SourceTitle "EXT 2023"]
[Source "ChessBase"]
[SourceDate "2022.10.05"]
[SourceVersion "1"]
[SourceVersionDate "2022.10.05"]
[SourceQuality "1"]

1. d4 d6 2. g3 Nf6 3. Bg2 g6 4. Nf3 Bg7 5. 0-0 0-0 6. b3 Nbd7 7. Bb2 c6 8. Nbd2 d5 9. c4 e6 10. Re1 Qc7 11. Rc1 Qb8 12. Ne5 Nxe5 13. dxe5 Ng4 14. Ba3 Rd8 15. Bd6 Rxd6 16. exd6 Qxd6 17. e4 h5 18. exd5 exd5 19. cxd5 f5 20. Nc4 Qc5 21. Ne3 Qa3 22. Nxg4 hxg4 23. dxc6 bxc6 24. Qd8+ Bf8 25. Bxc6 Rb8 26. Bd5+ Kg7 27. Qc7+ Bd7 28. Qxb8 Bd6 29. Qg8+ Kh6 30. Qh8+ 1-0

[Event "Nettetal op"]
[Site "Nettetal"]
[Date "2010.07.04"]
[Round "2"]
[White "Arndt, Theodor"]
[Black "Westendorp, Christian"]
[Result "0-1"]
[WhiteElo "1529"]
[BlackElo "1832"]
[PlyCount "22"]
[EventDate "2010.07.03"]
[EventType "swiss"]
[EventRounds "9"]
[EventCountry "GER"]
[SourceTitle "CBM 137 Extra"]
[Source "ChessBase"]
[SourceDate "2010.09.01"]
[SourceVersion "1"]
[SourceVersionDate "2010.09.01"]
[SourceQuality "1"]

1. c4 e5 2. Nc3 Nf6 3. g3 d5 4. cxd5 Nxd5 5. Bg2 c6 6. e4 Nb4 7. Bf1 Bc5 8. Be2 Qd4 9. Qa4 Qxf2+ 10. Kd1 Qg2 11. Bf3 Qf1# 0-1